Statistics for Nenne die Nuss, den Samen oder die Bohne

Click here to take the quiz!

General Stats

  • This quiz has been taken 8 times
  • The average score is 12 of 15

Answer Stats

Answer% Correct
Haselnuss
100%
Cashewkern
88%
Eichel
88%
Erdnuss
88%
Kokosnuss
88%
Pistazie
88%
Sonnenblumenkern
88%
Walnuss
88%
Kürbiskern
75%
Mandel
75%
Sojabohne
75%
Kichererbse
63%
Kidneybohne
63%
Marone
50%
Paranuss
50%

Score Distribution

Percentile by Number Answered

Percent of People with Each Score

Your Score History

You have not taken this quiz